000 00422nam a2200145 a 4500
090 _aLB
_b05283
041 _aeng
245 _aStandards for ecoregional planning
_bLessons learned in Latin America and the Caribean under the parks in Peril Program
260 _aArlington
_bNature Conservancy
_c2007
300 _a16 p.
662 _cAmérica Latina
662 _cRegión Caribe
942 _cIMPRESO
945 _d2008-06-12
999 _c6308
_d6308